00570 2200217 4500001002100000005001500021035002000036007000300056008004100059020001800100082001100118084001700129100001700146245006900163250001000232260003000242300002700272650002600299990001400325990001300339INLIS00000000000029520170919011024 a0010-0917000281ta170919 f 0 ind  a979-3515-59-7 a297.61 a297.61 MUH p0 aMuhsin Labib1 aPara Filosof :bSebelum dan Sesudah Mulla Shadra /cMuhsin Labib aCet.1 aJakarta :bAl Huda,c2005 a336hlm ;c12 x 17,5 cm abiografi para Filosof a1071 648a a1071 648